Welcome to the Holygrace Academy Library

Please use search bar below to get started

MEERABAI (Record no. 2880)

MARC details
000 -LEADER
fixed length control field 00373nam a22001577a 4500
020 ## - INTERNATIONAL STANDARD BOOK NUMBER
ISBN 978-81-264-3300-1
082 ## - DEWEY DECIMAL CLASSIFICATION NUMBER
Classification number 823
Item number RAM/M
100 ## - MAIN ENTRY--AUTHOR NAME
Personal name RAMACHANDRAN, VINITHA
245 ## - TITLE STATEMENT
Title MEERABAI
Remainder of title MANGO CLASSICS
246 ## - VARYING FORM OF TITLE
Title proper/short title MEERABAI
Remainder of title MANGO CLASSICS
260 ## - PUBLICATION, DISTRIBUTION, ETC. (IMPRINT)
Place of publication KOTTAYAM
Name of publisher DC BOOKS
Year of publication 2016
300 ## - PHYSICAL DESCRIPTION
Number of Pages 75
520 ## - SUMMARY, ETC.
Summary, etc CLASSIC STORY
650 ## - SUBJECT ADDED ENTRY--TOPICAL TERM
Topical Term CLASSIC STORY
942 ## - ADDED ENTRY ELEMENTS (KOHA)
Koha item type Books
Holdings
Withdrawn status Lost status Collection code Home library Current library Shelving location Date acquired Source of acquisition Cost, normal purchase price Full call number Accession Number Koha item type
    Fiction Main Library Main Library SHELF 4-F ENGLISH CLASSICS 24/01/2019 Purchase 125.00 823 RAM/M 10641 Books